000 00515nam a2200193Ia 4500
003 BUBTL
008 151213s9999 xx 000 0 und d
082 _a341.754/DOL
100 _aDockson,John H.
_92039
245 _aLaw Of International Trade/
_cJohn H. Dockson
250 _a3rd ed.
260 _aLondon :
_bThe HLT Group Ltd,
_cc1998.
300 _axiv,209 p. :
_c25 cm.
650 _aLaw
_94076
650 _aLaw
_94076
856 _k0
_l0
_yDownload
942 _2ddc
_cBK
999 _c3675
_d3675